[Event "Quebec-ch Senior"]
[Site "Montreal"]
[Date "2017.04.21"]
[Round "1"]
[White "Chira, Dan"]
[Black "Kozlov, Guennadi"]
[Result "0-1"]
[WhiteElo "1488"]
[BlackElo "1740"]
[PlyCount "84"]
[EventDate "2017.04.21"]
[EventType "swiss"]
[EventRounds "5"]
[EventCountry "CAN"]
[SourceTitle "EXT 2022"]
[Source "ChessBase"]
[SourceDate "2021.10.06"]
[SourceVersion "1"]
[SourceVersionDate "2021.10.06"]
[SourceQuality "1"]

1. d4 d5 2. Bf4 Nf6 3. e3 Bf5 4. Bd3 Bxd3 5. Qxd3 c6 6. Nf3 e6 7. Nbd2 Nbd7 8. c3 Be7 9. Ne5 Nh5 10. Bg3 Nxe5 11. Bxe5 Bd6 12. Qe2 Nf6 13. Bg3 0-0 14. Bh4 Be7 15. 0-0-0 b5 16. e4 dxe4 17. Nxe4 Nxe4 18. Bxe7 Nxc3 19. bxc3 Qxe7 20. Qd3 Rfd8 21. Rhe1 Qc7 22. g3 c5 23. Qc2 cxd4 24. Rxd4 Rxd4 25. cxd4 Qd7 26. Qb2 Rc8+ 27. Kb1 Rc4 28. Rd1 h6 29. f4 a5 30. Qd2 Rb4+ 31. Ka1 Qd5 32. Qf2 Qc4 33. Qd2 Qd5 34. Qf2 Rc4 35. Qd2 b4 36. Qb2 a4 37. Kb1 Qe4+ 38. Ka1 Rc2 39. Qxb4 Qe2 40. Qb8+ Kh7 41. Qb1 Qc4 42. Rd2 Qc3+ 0-1

[Event "Montreal Pere Noel U1500"]
[Site "Montreal"]
[Date "2016.12.30"]
[Round "5.37"]
[White "Chira, Dan"]
[Black "Pommainville, Vincent"]
[Result "0-1"]
[WhiteElo "1485"]
[BlackElo "1259"]
[PlyCount "136"]
[EventDate "2016.12.26"]
[EventType "swiss"]
[EventRounds "5"]
[EventCountry "CAN"]
[SourceTitle "EXT 2022"]
[Source "ChessBase"]
[SourceDate "2021.10.06"]
[SourceVersion "1"]
[SourceVersionDate "2021.10.06"]
[SourceQuality "1"]

1. e4 e5 2. Nf3 Nc6 3. d4 exd4 4. Nxd4 Bc5 5. Nxc6 bxc6 6. Qf3 Qf6 7. Qxf6 Nxf6 8. Bd3 Ng4 9. 0-0 0-0 10. h3 Ne5 11. Bf4 Nxd3 12. cxd3 d6 13. Bd2 Ba6 14. Nc3 Bxd3 15. Rfe1 Rfe8 16. Na4 Bb6 17. Nxb6 cxb6 18. f3 Re6 19. Rac1 c5 20. Rcd1 Bc2 21. Rc1 Ba4 22. b3 Bc6 23. b4 f6 24. bxc5 dxc5 25. Bc3 Rd8 26. Rcd1 Red6 27. Rxd6 Rxd6 28. Re2 Kf8 29. e5 fxe5 30. Bxe5 Re6 31. f4 g6 32. Kf2 c4 33. Rd2 Ke7 34. g3 b5 35. h4 Bd7 36. Bb8 a6 37. Bc7 Rc6 38. Re2+ Be6 39. Ba5 Kf6 40. a3 h5 41. Bb4 Bf5 42. Bc3+ Kf7 43. Re3 Rd6 44. Bb4 Rd3 45. Re7+ Kf6 46. Rc7 Ke6 47. Rc6+ Kd5 48. Rd6+ Ke4 49. Rf6 Rb3 50. Rd6 Rb2+ 51. Rd2 Rxd2+ 52. Bxd2 Kd3 53. Ke1 Bg4 54. Bb4 c3 55. a4 c2 56. Ba3 Kc3 57. axb5 axb5 58. Bc1 b4 59. Bd2+ Kd3 60. Bc1 b3 61. Bb2 Ke3 62. Bc1+ Kf3 63. Kd2 Kxg3 64. Kc3 Be6 65. f5 gxf5 66. Bg5 f4 67. Kb2 f3 68. Be3 f2 0-1

[Event "Quebec op U1700"]
[Site "Montreal"]
[Date "2016.07.28"]
[Round "7.12"]
[White "Piche, Guy"]
[Black "Chira, Dan"]
[Result "0-1"]
[WhiteElo "1649"]
[BlackElo "1447"]
[PlyCount "52"]
[EventDate "2016.07.23"]
[EventType "swiss"]
[EventRounds "8"]
[EventCountry "CAN"]
[SourceTitle "EXT 2022"]
[Source "ChessBase"]
[SourceDate "2021.10.06"]
[SourceVersion "1"]
[SourceVersionDate "2021.10.06"]
[SourceQuality "1"]

1. f4 d5 2. Nf3 e6 3. e3 Nf6 4. b3 Be7 5. Bb2 c5 6. c4 0-0 7. h3 Ne4 8. h4 Bf6 9. Be5 Nc6 10. d3 Nxe5 11. fxe5 Ng3 12. Rh3 Nxf1 13. Kxf1 Be7 14. d4 dxc4 15. bxc4 f6 16. Nbd2 fxe5 17. dxe5 Qd3+ 18. Qe2 Qc3 19. Re1 Qxe5 20. Kg1 Qc7 21. Ng5 e5 22. Rh1 h6 23. Qh5 Qc6 24. Nge4 Bf5 25. Ng3 Qe6 26. e4 Bg4 0-1

[Event "Quebec op U1700"]
[Site "Montreal"]
[Date "2016.07.27"]
[Round "6.66"]
[White "Chira, Dan"]
[Black "Nanescu, Marin"]
[Result "1-0"]
[WhiteElo "1447"]
[BlackElo "1403"]
[PlyCount "123"]
[EventDate "2016.07.23"]
[EventType "swiss"]
[EventRounds "8"]
[EventCountry "CAN"]
[SourceTitle "EXT 2022"]
[Source "ChessBase"]
[SourceDate "2021.10.06"]
[SourceVersion "1"]
[SourceVersionDate "2021.10.06"]
[SourceQuality "1"]

1. e4 c5 2. Nf3 Nc6 3. Bc4 h6 4. 0-0 d6 5. d4 cxd4 6. Nxd4 Bd7 7. Re1 Nf6 8. Nc3 g6 9. Nf3 Bg7 10. Bf4 0-0 11. Qd2 Kh7 12. Rad1 Bg4 13. Be2 Nh5 14. Be3 a6 15. h3 Be6 16. Nd4 Nf6 17. Nxe6 fxe6 18. f3 Qc7 19. a3 Rad8 20. Qc1 Ne5 21. f4 Nc4 22. Bf2 e5 23. b3 Nb6 24. fxe5 dxe5 25. a4 Nbd7 26. Bc4 Nb6 27. Rxd8 Rxd8 28. Bd3 Nc8 29. Qb2 Nb6 30. a5 Nc8 31. b4 e6 32. b5 axb5 33. Nxb5 Qe7 34. Rb1 Rd7 35. Qb3 Qf7 36. Qc4 Nd6 37. Nxd6 Rxd6 38. Qc8 Rd7 39. Bb6 Ne8 40. Qc4 Bf8 41. Qa4 Nd6 42. a6 bxa6 43. Qxa6 h5 44. Qa8 Kg7 45. Qb8 Rb7 46. Qa8 Rd7 47. Qa2 Rb7 48. Be3 Rxb1+ 49. Qxb1 Qc7 50. Qc1 Nf7 51. Qd2 Kh7 52. Qf2 Kg7 53. Bb6 Qd7 54. Kh2 Qc6 55. c4 Be7 56. c5 Bf8 57. Qc2 Be7 58. Qc4 Nd6 59. Qb4 Nc8 60. Bb5 Qxb6 61. cxb6 Bxb4 62. b7 1-0

[Event "Quebec op U1700"]
[Site "Montreal"]
[Date "2016.07.24"]
[Round "3.24"]
[White "Chang, Alexander Rz"]
[Black "Chira, Dan"]
[Result "0-1"]
[WhiteElo "1393"]
[BlackElo "1447"]
[PlyCount "50"]
[EventDate "2016.07.23"]
[EventType "swiss"]
[EventRounds "8"]
[EventCountry "CAN"]
[SourceTitle "EXT 2022"]
[Source "ChessBase"]
[SourceDate "2021.10.06"]
[SourceVersion "1"]
[SourceVersionDate "2021.10.06"]
[SourceQuality "1"]

1. e4 c5 2. Nf3 d6 3. d4 Nf6 4. Nc3 cxd4 5. Nxd4 a6 6. Bg5 Nc6 7. Bxf6 exf6 8. Bc4 Ne5 9. Bb3 Be7 10. 0-0 0-0 11. Nd5 Rb8 12. c4 Bd7 13. Nf3 Bg4 14. Re1 Nxf3+ 15. gxf3 Bh3 16. f4 Bd7 17. f5 Bc6 18. Nf4 Qa5 19. Qg4 Qe5 20. Re2 Qc5 21. Re3 Be8 22. Rh3 Kh8 23. Qh4 h6 24. Nh5 Rg8 25. Nxg7 Rxg7+ 0-1